Ser madre / (Registro nro. 9916)

Detalles MARC
000 -LEADER
fixed length control field 00947nam a2200373 c 4500
001 - CONTROL NUMBER
control field 5674808
003 - CONTROL NUMBER IDENTIFIER
control field DO-SdBNP
005 - DATE AND TIME OF LATEST TRANSACTION
control field 20180223090008.0
007 - PHYSICAL DESCRIPTION FIXED FIELD--GENERAL INFORMATION
fixed length control field 5674808
008 - FIXED-LENGTH DATA ELEMENTS--GENERAL INFORMATION
fixed length control field 150810s 1979 sp | |||| 000 0dspa
015 ## - NATIONAL BIBLIOGRAPHY NUMBER
National bibliography number
017 ## - COPYRIGHT OR LEGAL DEPOSIT NUMBER
Copyright or legal deposit number
Assigning agency
020 ## - INTERNATIONAL STANDARD BOOK NUMBER
International Standard Book Number 8471121212
035 ## - SYSTEM CONTROL NUMBER
System control number
040 ## - CATALOGING SOURCE
Original cataloging agency BPMSU
Language of cataloging spa
Transcribing agency BPMSU
Description conventions
041 1# - LANGUAGE CODE
Language code of text/sound track or separate title spa
Language code of original
080 ## - UNIVERSAL DECIMAL CLASSIFICATION NUMBER
Universal Decimal Classification number
100 1# - MAIN ENTRY--PERSONAL NAME
Personal name Schaffer, Rudolph.
Relator code
240 10 - UNIFORM TITLE
Uniform title <a href="Mothering.">Mothering.</a>
Language of a work Español
245 10 - TITLE STATEMENT
Title Ser madre /
Statement of responsibility, etc. Rudolph Schaffer ; versión española de Alfredo Guera Miralles.
Remainder of title
260 ## - PUBLICATION, DISTRIBUTION, ETC. (IMPRINT)
Place of publication, distribution, etc. Madrid :
Name of publisher, distributor, etc. Ediciones Morata,
Date of publication, distribution, etc. 1978.
300 ## - PHYSICAL DESCRIPTION
Extent 192 p. ;
Dimensions 19 cm
336 ## - CONTENT TYPE
Content type term
Source
337 ## - MEDIA TYPE
Media type term
Source
490 1# - SERIES STATEMENT
Series statement Psicología
490 1# - SERIES STATEMENT
Series statement Bruner
Volume/sequential designation 1
650 #7 - SUBJECT ADDED ENTRY--TOPICAL TERM
Topical term or geographic name as entry element
Source of heading or term
700 ## - ADDED ENTRY--PERSONAL NAME
Personal name Guerra Miralles, Alfredo ,
830 #0 - SERIES ADDED ENTRY--UNIFORM TITLE
Uniform title Psicología
830 #0 - SERIES ADDED ENTRY--UNIFORM TITLE
Uniform title Bruner
Volume number/sequential designation 1
942 ## - ADDED ENTRY ELEMENTS (KOHA)
Source of classification or shelving scheme Dewey Decimal Classification
Koha item type Libros
945 ## - LOCAL PROCESSING INFORMATION (OCLC)
a Inventariado, 2018 /LP
956 ## - LOCAL ELECTRONIC LOCATION AND ACCESS (OCLC)
Host name VMATEO
Access method 10
Materials specified 20160425
Linkage BPMSU
Field link and sequence number 0069
Existencias
Withdrawn status Lost status Source of classification or shelving scheme Damaged status Not for loan Collection code Home library Current library Date acquired Source of acquisition Total Checkouts Barcode Date last seen Price effective from Koha item type
    Dewey Decimal Classification     Colección Infantil General Biblioteca Pública Metropolitana Salomé Ureña Biblioteca Pública Metropolitana Salomé Ureña 04/25/2016 FUNDI   BPMSU16040681 04/25/2016 04/25/2016 Libros